| 000 | 00706nam a2200193Ia 4500 | ||
|---|---|---|---|
| 008 | 151121s9999||||xx |||||||||||||| ||und|| | ||
| 082 | _a792/कोकाळे | ||
| 082 | _bHNW-64308 | ||
| 100 | _aकाळे के। नारायण | ||
| 245 | _aभूमिका शिल्प | ||
| 260 | _b"महाराष्ट्र राज्य साहित्य-संस्कृति मंडळ, मुंबई" | ||
| 260 | _c-- | ||
| 300 | _a392 | ||
| 600 | _aकाळे के। नारायण | ||
| 630 | _aभूमिका शिल्प | ||
| 700 | _aकाळे के। नारायण | ||
| 730 | _aभूमिका शिल्प | ||
| 942 | _cBOOK | ||
| 999 |
_c1245835 _d1245832 |
||